Ajedrez (Registro nro. 6009)
[ vista simple ]
| 000 -CABECERA | |
|---|---|
| Longitud fija campo de control | 01249nam a2200265Ia 4500 |
| 005 - • FECHA Y HORA DE LA ÚLTIMA TRANSACCIÓN | |
| Fecha y hora de la última transacción | 20220317001127.0 |
| 008 - • CÓDIGOS DE INFORMACIÓN DE LONGITUD FIJA | |
| Códigos de información de longitud fija | 160825s2006 ck a g 000 0 spa |
| 020 ## - • NÚMERO INTERNACIONAL NORMALIZADO PARA LIBROS | |
| Número Internacional Normalizado para Libros (ISBN) | 97895830065012 |
| 082 04 - • NÚMERO DE LA CLASIFICACIÓN DECIMAL DEWEY | |
| Número de clasificación (R) | 794.1 |
| Número del ítem | G72a |
| 040 ## - FUENTE DE LA CATALOGACIÓN | |
| Centro catalogador de origen | CO-BoRNBP |
| Lengua de catalogación | spa |
| Normas de descripción | rda |
| Centro transcriptor | CO-BoRNBP |
| 100 1# - • PUNTO DE ACCESO PRINCIPAL-NOMBRE DE PERSONA | |
| Nombre de persona | Greiff Bravo, Luis de |
| 245 10 - • TITULO PROPIAMENTE DICHO | |
| Título | Ajedrez |
| Resto del título | leyes aprobadas en el Congreso de FIDE en 2000 en Estambul, Turquía |
| Mención de responsabilidad, etc. | Boris de Greiff B. |
| 250 ## - • MENCIÓN DE EDICIÓN | |
| Mención de edición | 1a edición |
| Resto de la mención de edición | 6a reimpresión |
| 264 ## - PRODUCCIÓN, PUBLICACIÓN , DISTRIBUCIÓN, FABRICACIÓN Y COPYRIGHT | |
| Lugar de producción, publicación, distribución, fabricación | Bogotá |
| Nombre del productor, editor, distribuidor, fabricante | Panamericana |
| Fecha de de producción, publicación, distribución, fabricación o copyright | 2006 |
| 300 ## - • DESCRIPCIÓN FÍSICA | |
| Extensión | 97 páginas |
| Otras características físicas | ilustraciones |
| Dimensiones | 16 cm |
| 336 ## - TIPO DE CONTENIDO | |
| Término de tipo de contenido | texto |
| Código de tipo de contenido | txt |
| Fuente | rdacontent |
| 337 ## - TIPO DE MEDIO | |
| Nombre del tipo de medio | sin mediación |
| Código del tipo de medio | n |
| Fuente | rdamedia |
| 338 ## - TIPO DE SOPORTE | |
| Nombre del tipo de soporte | volumen |
| Código del tipo de soporte | nc |
| Fuente | rdacarrier |
| 490 ## - • MENCIÓN DE SERIE | |
| Mención de serie | Reglamento oficial ilustrado |
| 500 ## - • NOTA GENERAL | |
| Nota general | Incluye apéndices |
| 505 ## - • NOTA DE CONTENIDO CON FORMATO | |
| Nota de contenido con formato | Reglas de juego: Naturaleza de objetivos del juego. Posición inicial de las piezas en el tablero. Movimiento de las piezas. Acción de mover las piezas. Partida terminada -- Reglas de torneo: Reloj de ajedrez. Irregularidades. Anotación de las jugadas. Partida tablas. Juego rápido a "finish". Puntuación. Conducta de los jugadores. Función del árbitro. FIDE. |
| 650 14 - • PUNTO DE ACCESO ADICIONAL DE MATERIA - TÉRMINO DE MATERIA | |
| Fuente del encabezamiento o término | LEMB |
| Término de materia o nombre geográfico como elemento inicial | Ajedrez |
| Subdivisión de forma | Reglamentos |
| 650 14 - • PUNTO DE ACCESO ADICIONAL DE MATERIA - TÉRMINO DE MATERIA | |
| Fuente del encabezamiento o término | LEMB |
| Término de materia o nombre geográfico como elemento inicial | Ajedrez |
| Subdivisión de materia general | Estrategias y técnicas |
| 942 ## - ENTRADA DE ELEMENTOS AGREGADOS (KOHA) | |
| Fuente de clasificaión o esquema | Dewey Decimal Classification |
| Koha [por defecto] tipo de item | LIbro |
No hay ítems disponibles.